Συνηγορία της παραλογοτεχνίας

Αποθηκεύτηκε σε:
Λεπτομέρειες βιβλιογραφικής εγγραφής
Κύριος συγγραφέας: Μαρτινίδης, Πέτρος 1946-
Μορφή: Βιβλίο
Γλώσσα:Greek
Δημοσίευση: Αθήνα : Υποδομή, 1994
Θέματα:
Ετικέτες: Προσθήκη ετικέτας
Δεν υπάρχουν, Καταχωρήστε ετικέτα πρώτοι!

MARC

LEADER 00000nam a2200000 i 4500
001 1/58100
008 071011s1994 gre d
020 |a 960-329-195-1 
035 |l 10091429 
040 |a GR-MY-UA  |b gre  |e aacr 
041 0 |a gre 
082 0 |a 809.915  |2 (22) 
100 1 |a Μαρτινίδης, Πέτρος  |d 1946- 
245 1 0 |a Συνηγορία της παραλογοτεχνίας /  |c Πέτρος Μαρτινίδης ; [εικόνα εξωφύλλου: Andy Warhol] 
260 |a Αθήνα :   |b Υποδομή,   |c 1994 
300 |a 271 σ.;  |c 21 εκ. 
504 |a Βιβλιογραφία: σ. [269]-271 
650 0 0 |a Allegory. 
650 0 0 |a Symbolism in literature. 
650 0 0 |a Fantasy literature  |x History and criticism. 
650 0 0 |a Fantasy fiction  |x History and criticism. 
650 0 0 |a Comic books, strips, etc. 
650 0 0 |a Science fiction. 
650 0 0 |a Mystery in literature. 
650 0 0 |a Detective and mystery stories  |x History and criticism. 
650 0 0 |a Women  |x Fiction. 
852 |a INST  |b RHODES  |e 20071011  |h 809.915 ΜΑΡ  |p 005400025631  |q 005400025631  |t BK  |y 0 
901 |a BIBL4-2007-3 
909 |a Ρ  |b 136062 
922 |a 4ΕΛΗ  |b 200707  |c ΕΠΕΑΕΚ2/ΤΕΠΑΕΣ  |d Σ. ΠΑΤΑΚΗΣ 
970 |a ΚΟΖΑ  |b ΜΑΡΙΑ  |z 2007/10/11